Novodobé finančné teórie a prínos Arthura Cecila Pigoua a Karla Engliša do ich náuky

Stručná biografia a bibliografia Arthura Cecila Pigoua a Karla Engliša.

Na minha lista:
Detalhes bibliográficos
Autor principal: Baláži, Peter
Formato: Capítulo de Livro
Idioma:eslovaco
Assuntos:
Tags: Adicionar Tag
Sem tags, seja o primeiro a adicionar uma tag!

MARC

LEADER 00000nla a2200000 4500
001 0214415
005 20240502073602.4
041 0 |a slo 
044 |a SK 
245 1 0 |a Novodobé finančné teórie a prínos Arthura Cecila Pigoua a Karla Engliša do ich náuky  |c Peter Baláži 
520 |a Stručná biografia a bibliografia Arthura Cecila Pigoua a Karla Engliša. 
610 2 0 |a teórie ekonomické 
610 2 0 |a financie 
610 2 0 |a Pigouo Arthur Cecil 
610 2 0 |a Engliš Karl 
100 1 |a Baláži, Peter